Normal view
MARC view
- McEliece,Robert J./ Ash,Robert B./ Ash,Carol
Entry Personal Name
001 - CONTROL NUMBER
- control field: 847
003 - CONTROL NUMBER IDENTIFIER
- control field: OSt
005 - DATE AND TIME OF LATEST TRANSACTION
- control field: 20160904113758.0
008 - FIXED-LENGTH DATA ELEMENTS
- fixed length control field: 160904|| aca||aabn | a|a d
040 ## - CATALOGING SOURCE
- Original cataloging agency: OSt
100 ## - HEADING--PERSONAL NAME
- Personal name: McEliece,Robert J./ Ash,Robert B./ Ash,Carol
